Hombrecitos

Zapisane w:
Opis bibliograficzny
1. autor: Alcott, Louisa May (autora)
Format: Książka
Język:hiszpański
Wydane: Santiago Lo Castillo 1985
Seria:Biblioteca Escolar Apuntes,16
Hasła przedmiotowe:
Etykiety: Dodaj etykietę
Nie ma etykietki, Dołącz pierwszą etykiete!

MARC

LEADER 00000nam a2200000 a 4500
001 UCH5327
003 CL-VaPUC
008 091014e19850000CL |||||||||||||||||spa|d
082 0 4 |a 813  |b ALC  |2 21 
100 |a Alcott, Louisa May  |e autora  |9 605187 
245 1 0 |a Hombrecitos 
300 |a 128 p 
942 |c BK 
945 |d 20091014 00:00:00  |a lazolas 
260 |a Santiago  |b Lo Castillo  |c 1985 
650 0 |a Literatura infantil   |9 307465 
650 0 |a Cuentos infantiles  |9 308044 
650 0 |a Formas y géneros literarios  |9 324031 
650 0 |a Cuentos estadounidenses  |9 265133 
583 |a last modification  |c 20091014 00:00:00  |k Rodrigo Vera 
490 0 |a Biblioteca Escolar Apuntes,16 
999 |c 336490  |d 336488